Espagnol - Statistiques

Statistiques générales
  • Ce quiz a été pris 12 fois
  • Le résultat moyen est 7 sur 31
Statistiques - réponses
Francais Espagnol % Correct
Les vêtements La ropa
75%
Arriver llegar
67%
Les chaussures Los zapatos
67%
Un jeune un joven
50%
S'habiller vestir
42%
Avoir besoin necesitar
33%
Se préparer prepararse
33%
un journal un periódico
33%
Le petit copain el novio
25%
Etre prêt Estar listo
25%
etre sal estar sucio
25%
Se laver lavarse
25%
Porter Llevar
25%
Salle de bain Cuarto de baño
17%
etre à la mode estar de moda
17%
etre propre estar limpio
17%
Le couple La pareja
17%
Les baskets Las zapatillas
17%
Se raser Afeitarse
8%
Arranger Arreglar
8%
Les cheveux El cabello
8%
Les toilettes Los aseos
8%
se Peigner peinar
8%
Le costume Un traje
8%
Faire sa toilette Asearse
0%
L'hygiène El aseo
0%
L'entretien La entrevista
0%
Cirer Lustrar
0%
orientation oriantación
0%
Relâcher/détendu relajada
0%
Retirer Sacar
0%
Aucun quiz correspondant
Distribution des résultats
% des personnes avec chaque résultat
Percentile par nombre de réponses
Votre historique - résultats
Vous n’avez pas pris ce quiz